000 00443nam a2200181Ia 4500
001 14002
005 20260306164842.0
008 260306t2013||||xx |||||||||||||| ||spa||
041 _aESP
082 _a005.8
_bG23
100 _aGarcía-Moran, Jean Paul [et. al.]
_eAUT
245 0 _aHacking y seguridad en internet
260 _c2013
300 _a577 páginas :
_c24 cm.
650 _aGEN
654 _aCCC
942 _cLIB
_dJUS
_fJUS
_2ddc
_n
999 _c14002
_d14002